|
|
|
|
| LEADER |
00972nam a2200193 a 4500 |
| 008 |
100215s1996 bg a b 001 0 eng d |
| 020 |
|
|
|a 9845000118
|
| 040 |
|
|
|a BD-DhAA
|c BD-DhAA
|d BD-DhAA
|
| 082 |
0 |
0 |
|a 301.41/2/095492
|2 22
|
| 245 |
1 |
0 |
|a Succes stories of women in agriculture :
|b proceedings of a national workshop on case studies, 27-28 August 1995 /
|c edited by Nizam U. Ahmed and M.A.Hamid Miah
|
| 260 |
|
|
|a Dhaka :
|b Bangladesh Agricultural Research Council, gender research and training project,
|c 1996
|
| 300 |
|
|
|a viii, 163 p. :
|b ill. ;
|c 24 cm.
|
| 541 |
1 |
|
|e 00005627
|
| 650 |
|
0 |
|a Rural Women
|z Bangladesh
|
| 700 |
1 |
|
|a Ahmed,Nizam U.
|
| 700 |
1 |
|
|a Hamid Miah,M.A.
|
| 852 |
4 |
|
|a Ayesha Abed Library
|j General shelf
|
| 999 |
|
|
|c 7536
|d 7536
|
| 952 |
|
|
|0 0
|1 0
|2 ddc
|4 1
|6 301_412095492000000_SUC
|7 0
|9 8161
|a BRACUL
|b BRACUL
|c SPS
|d 2010-02-15
|g 0.00
|l 0
|o 301.412095492 SUC
|p 3010005627
|r 2010-02-15
|t 1
|w 2010-02-15
|y BK
|z Not price in Register
|x Photocopy Book. Declared as Damaged on December 10, 2023
|